Normal view MARC view
  • Tychna P

Entry Personal Name

Number of records used in: 1

001 - CONTROL NUMBER

  • control field: 2135

003 - CONTROL NUMBER IDENTIFIER

  • control field: OSt

005 - DATE AND TIME OF LATEST TRANSACTION

  • control field: 20161219121437.0

008 - FIXED-LENGTH DATA ELEMENTS

  • fixed length control field: 161219|| aca||aabn | a|a d

040 ## - CATALOGING SOURCE

  • Original cataloging agency: OSt

100 ## - HEADING--PERSONAL NAME

  • Personal name: Tychna P

Powered by Koha